Uma abelha na chuva (Registo nº 201865)

Detalhes MARC
000 -Etiqueta de Registo
Indicador do Registo 00761nam 22001813 4500
100 ## - Dados Gerais de Processamento
Dados gerais 20250918d u||y0pory50 ba
101 ## - Língua
Língua de publicação Português
102 ## - País de publicação
País Portugal
200 ## - Título e menção de responsabilidade
Título próprio Uma abelha na chuva
Primeira menção de responsabilidade João Camilo
Sub-título alguns aspectos da temática narrativa
300 ## - Notas gerais
Texto de nota Separata da Fundação Calouste Gulbenkian - Arquivos do centro Cultural Português, Volume X, Paris, 1976<br/>Contém dedicatória na folha de guarda<br/>Nota do Prof. Dr. Almeida Faria no título
461 ## - Nível de conjunto
Título Separata Arquivos do centro Cultural Português, Volume X, Paris, 1976
Número de parte ou secção (número/volume) Vol. X, p. 643-664 , [2] p.
606 ## - Nome Comum Usado como Assunto
ID Autoridade 3661
Elemento de Entrada Crítica Literária.Estudos Literários
700 ## - Autor principal (pessoa individual)
ID Autoridade 3868
Apelido Camilo
Nome João
Datas 1943-
801 ## - Fonte de origem
País PT
Agência BMMN
Regras de catalogação RPC
090 ## - System Control Numbers (Koha)
Koha biblioitem number (autogenerated) 201865
990 ## - Elementos Koha
Tipo de documento Artigo
Exemplares
Biblioteca de origem Biblioteca de Empréstimo Código de Barras Cota Permissão de Empréstimo Tipo de Documento Nota relativa ao exemplar Estado Forma de Aquisição
Biblioteca Municipal de Montemor-o-Novo Biblioteca Municipal de Montemor-o-Novo 31250 82.09 CAM|SAF   Artigo Acesso Condicionado   Oferta

Powered by Koha